00552nam a2200181 a 450000100100000000500170001000800410002702000160006804000250008408200140010910000320012324500840015525000120023926000310025130000310028250400260031370000310033900004074120240306164224.0130905s2010 sp c 000 0 spa d a97877828976 aDO-SdBNPbspacBNPHU axxxxbxxx1 aVargas Llosa, Mario,d1936-10aMartín Chambi. :b1920-1950 /cMario Vargas Llosa, Publio López Mondéjar. a2a. ed. aMadrid, :bLunwerg,c2010. a119 p. :bretrs. ;c29 cm. aBibliografía p: 1191 aLópez Mondéjar, Publio